• 首页
  • 本馆介绍
  • 公告通知
  • 最新文献
  • 馆藏检索
  • 电子资源
  • 读者导购
  • 参考咨询
  • 我的图书馆
  • 登录
  • 详细信息显示
  • 放入我的书架
  • 预约/预借图书
  • 作者相关作品
  • 分类相关作品
  • 丛书相关作品
  • 出版社相关作品

书目信息

  • 表格格式
  • 工作单格式
  • 卡片格式
题名:
硬笔篆隶书临摹法
    
 
作者: 庞中华 , 王玉孝 主编
分册:  
出版信息: 北京   北京燕山出版社  不详
页数: 46页
开本: 20cm
丛书名: 中国硬笔书法百科全书
单 册:
中图分类: J292.21
科图分类:
主题词: 书法--中国 , 篆刻--中国
电子资源:
ISBN: 7-5402-0798-1
000 00741nam0 2200241 450
001 0764894411
005 20070804164528.07
010    @a7-5402-0798-1@dCNY18.00
100    @a20070802d km y0chiy0120 ea
101 0  @achi
102    @aCN@b110000
200 1  @a硬笔篆隶书临摹法@Aying bi zhuan li shu lin mo fa@f庞中华,王玉孝主编@Fpang zhong hua,wang yu xiao zhu bian
210    @a北京@c北京燕山出版社@d不详
215    @a46页@d20cm
225    @a中国硬笔书法百科全书@v临摹法卷
410  0 @12001 @a中国硬笔书法百科全书
606 0  @a书法@x中国
606 0  @a篆刻@x中国
690    @aJ292.21@v3
701  0 @a庞中华@Apang zhong hua@4主编
701  0 @a王玉孝@Awang yu xiao@4主编
801  0 @aCN@bPFT@c20070804
905    @a10447@dJ292.21@e498
    
    硬笔篆隶书临摹法/庞中华,王玉孝主编.-北京:北京燕山出版社,不详
    46页;20cm.-(中国硬笔书法百科全书;临摹法卷)
    
    
    ISBN 7-5402-0798-1:CNY18.00
    
●
相关链接 在E读中查询图书 在五车中查询图书 在当当中查询图书 在豆瓣中查询图书


正题名:硬笔篆隶书临摹法     索取号:J292.21/498         预约/预借

序号 登录号 条形码 馆藏地/架位号 状态 备注
1 0791649   207916497   第一样本阅览室/ [索取号:J292.21/498] 在馆    
唐山师范学院图书馆 欢迎您!
大连网信软件有限公司© 版权所有